कंप्यूटर और पुस्तकालय / (Record no. 119748)
[ view plain ]
| 000 -LEADER | |
|---|---|
| fixed length control field | 01214nam a22002657a 4500 |
| 005 - DATE AND TIME OF LATEST TRANSACTION | |
| control field | 20170124103147.0 |
| 010 ## - LIBRARY OF CONGRESS CONTROL NUMBER | |
| LC control number | B-027176 |
| 020 ## - INTERNATIONAL STANDARD BOOK NUMBER | |
| Terms of availability | 225.00 |
| International Standard Book Number | 8185826447 |
| 035 ## - SYSTEM CONTROL NUMBER | |
| System control number | B-027176 |
| 037 ## - SOURCE OF ACQUISITION | |
| Source of stock number/acquisition | Cen Lib/Ret |
| 040 ## - CATALOGING SOURCE | |
| Original cataloging agency | DPL |
| Language of cataloging | HN |
| 082 ## - DEWEY DECIMAL CLASSIFICATION NUMBER | |
| Classification number | 005.04 |
| Item number | शर्मापा |
| 100 ## - MAIN ENTRY--PERSONAL NAME | |
| Personal name | शर्मा, पांडेय एस.के. |
| 9 (RLIN) | 139468 |
| 245 ## - TITLE STATEMENT | |
| Title | कंप्यूटर और पुस्तकालय / |
| Statement of responsibility, etc | पांडेय एस.के. शर्मा |
| 246 ## - VARYING FORM OF TITLE | |
| Title proper/short title | Computer aur pustakalay / |
| Remainder of title | by Pandey S.K. Sharma |
| 260 ## - PUBLICATION, DISTRIBUTION, ETC. (IMPRINT) | |
| Place of publication, distribution, etc | नई दिल्ली |
| Name of publisher, distributor, etc | ग्रंथ अकादमी |
| Date of publication, distribution, etc | 1996 |
| 270 ## - ADDRESS | |
| City | नई दिल्ली |
| Postal code | 110002 |
| Address | 1686, ओल्ड दरियागंज |
| 300 ## - PHYSICAL DESCRIPTION | |
| Extent | 275पृ. |
| Dimensions | 21सेमी (सजिल्द) |
| 500 ## - GENERAL NOTE | |
| General note | अनुक्रमणिका शामिल |
| 650 ## - SUBJECT ADDED ENTRY--TOPICAL TERM | |
| Topical term or geographic name as entry element | कंप्यूटर और पुस्तकालय |
| 9 (RLIN) | 45021 |
| 650 ## - SUBJECT ADDED ENTRY--TOPICAL TERM | |
| Topical term or geographic name as entry element | पुस्तकालय स्वचालन--कंप्यूटर |
| 9 (RLIN) | 78963 |
| 650 ## - SUBJECT ADDED ENTRY--TOPICAL TERM | |
| Topical term or geographic name as entry element | Computer and library |
| 9 (RLIN) | 139469 |
| 650 ## - SUBJECT ADDED ENTRY--TOPICAL TERM | |
| Topical term or geographic name as entry element | Library automation--Computer |
| 9 (RLIN) | 86674 |
| 942 ## - ADDED ENTRY ELEMENTS (KOHA) | |
| Source of classification or shelving scheme | Dewey Decimal Classification |
| Koha item type | Hindi Books |
| Classification part | 005.04 |
| Call number suffix | शर्मापा |
| Withdrawn status | Lost status | Damaged status | Not for loan | Home library | Current library | Date acquired | Source of acquisition | Cost, normal purchase price | Total Checkouts | Full call number | Barcode | Date last seen | Date checked out | Copy number | Cost, replacement price | Price effective from | Koha item type | Source of classification or shelving scheme | Uniform Resource Identifier | Collection code |
|---|---|---|---|---|---|---|---|---|---|---|---|---|---|---|---|---|---|---|---|---|
| Central Library | Central Library | 18/09/2015 | Cen Lib/Ret | 225.00 | 4 | 005.04 शर्मापा | B-027176 | 16/01/2024 | 19/12/2023 | 1 | 225.00 | 18/09/2015 | Hindi Books | |||||||
| Central Library | Central Library | 24/10/2016 | 005.04 शर्मापा | A-803705 | 24/10/2016 | 2 | 24/10/2016 | Hindi Books | Dewey Decimal Classification | 225.00 | ||||||||||
| Central Library | Central Library | 25/10/2016 | Cen Lib/Ret | 250.00 | 005.04 शर्मापा | A-803704 | 25/10/2016 | 3 | 250.00 | 25/10/2016 | Hindi Books | Dewey Decimal Classification | ||||||||
| Central Library | Central Library | 02/12/2016 | Cen Lib/Ret | 005.04 शर्मापा | A-803706 | 02/12/2016 | 02/12/2016 | Hindi Books | Dewey Decimal Classification | |||||||||||
| Central Library | Central Library | 02/12/2016 | Cen Lib/Ret | 005.04 शर्मापा | A-803709 | 02/12/2016 | 02/12/2016 | Hindi Books | Dewey Decimal Classification | |||||||||||
| Yojana Vihar | Yojana Vihar | 22/07/2019 | BPPD/PUB | 225.00 | 005.04 शर्मापा | A-803733 | 22/07/2019 | 225.00 | 22/07/2019 | Hindi Books | Dewey Decimal Classification | Non-fiction |
